000
00310nam a2200121Ia 4500
999
_c
13987
_d
13987
008
260210s9999 xx 000 0 und d
020
_a
9781632387240
082
_a
388.0973
100
_a
Jacob Rowe,
245
0
_a
Public Transportation: Planning, Operations and Management
260
_b
NYR
942
_c
RD
_2
ddc